00398nam a2200145Ia 4500008004100000020001500041041000800056082001600064100002500080245005800105250000600163260006100169300001300230650000900243210716s2001 xx 000 0 und d a007044725x aeng a004.6X WILH aWilliamson, Heather. aXml: the complete reference.bThe complete reference. a1 aNew DelhibTata McGraw Hill Publishing Company Ltdc2001 axxvi,965 aNone